| 000 | 00356 a2200133 4500 | ||
|---|---|---|---|
| 005 | 20250602103152.0 | ||
| 020 | _a9987-694-10-1 | ||
| 100 | _aMUTASA, F.L | ||
| 245 | _aPrinciples of Economics | ||
| 250 | _a2nd Ed. | ||
| 260 |
_aDar es Salaam _bThe Tanzania Institute of Bankers _c2011 |
||
| 300 |
_aiv, 330p.: ill; graphs, tables, _c24.3cm |
||
| 942 |
_2ddc _cBKS |
||
| 999 |
_c2994 _d2994 |
||